[Event "Washington Open Championship"]
[Site "Seattle, WA"]
[Date "2014.05.26"]
[Round "5"]
[White "Chalasani Sujatha  (WA)"]
[Black "Chandrasekar Siddharth  (WA)"]
[Result "0-1"]
[WhiteElo "1505"]
[BlackElo "1446"]
[Annotator ""]
[Source ""]
[Remark "Reserve"]

1.d4 d5 2.c4 c6 3.e3 Nf6 4.Nc3 Bf5 5.Nf3 e6 6.Be2 Bb4 7.Bd2 O-O
8.O-O Nbd7 9.a3 Bd6 10.c5 Bc7 11.b4 b6 12.a4 e5 13.cxb6 axb6
14.dxe5 Nxe5 15.Nxe5 Bxe5 16.Ra2 d4 17.exd4 Qxd4 18.Qb3 Be6 19.Qc2
Bxa2 20.Nxa2 Rfe8 21.Be3 Qb2 22.Qxb2 Bxb2 23.Rb1 Be5 24.Bc4 b5
25.axb5 cxb5 26.Bb3 Ng4 27.h3 Nxe3 28.fxe3 Bg3 29.Nc3 Rxe3 30.Nxb5
Re1+ 31.Rxe1 Bxe1 32.Nd6 Bg3 33.Bxf7+ Kf8 34.Bc4 Ra1+ 35.Bf1
Bxd6 36.b5 Bh2+ 37.Kf2 Bg3+ 38.Kg1 Rb1 39.h4 Be5 40.h5 Bd4+ 41.Kh1
Rxf1+ 42.Kh2 Rb1 43.Kh3 Rxb5 44.g4 g6 45.hxg6 hxg6 46.g5 Be3
47.Kh4 Rxg5 48.Kh3 Ke7 49.Kh4 Kf6 50.Kh3 Kf5 51.Kh2 Kf4 52.Kh3
Rg4 53.Kh2 Rg3 54.Kh1 Kf3 55.Kh2 Kf2 56.Kh1 Rh3# 0-1

[Event "Washington Open Championship"]
[Site "Seattle, WA"]
[Date "2014.05.26"]
[Round "5"]
[White "Barua Aniruddha  (WA)"]
[Black "Mahajan Rushaan  (WA)"]
[Result "1-0"]
[WhiteElo "887"]
[BlackElo "649"]
[Annotator ""]
[Source ""]
[Remark "Booster"]

1.e4 e5 2.Nf3 Nc6 3.d4 exd4 4.Nxd4 Qf6 5.Be3 g6 6.c3 Nge7 7.Bc4
Bg7 8.Nb5 Qe5 9.Qf3 O-O 10.Qg3 Qxe4 11.Nd2 Qe5 12.Nxc7 Qxg3 13.hxg3
Nf5 14.Nxa8 Nxe3 15.fxe3 Be5 16.Kf2 b6 17.Nf3 Bg7 18.Nc7 Ne5
19.Be2 Nxf3 20.gxf3 Bb7 21.Rad1 Rc8 22.Rxd7 Be5 23.Nd5 Bxd5 24.Rxd5
Rc5 25.Rxc5 bxc5 26.Rd1 Kg7 27.Rd5 Kf6 28.Rxc5 h5 29.f4 Bd6 30.Rd5
Ke6 31.Bc4 Kd7 32.Kf3 f5 33.Ra5 Kc6 34.Ra6+ Kc5 35.Rxd6 Kxd6
36.Bf7 Ke7 37.Bxg6 Kf6 38.Bxh5 a5 39.e4 fxe4+ 40.Kxe4 Ke6 41.Bf7+
Kxf7 42.Ke5 Ke7 43.f5 Kf7 44.g4 Ke7 45.g5 Kf7 46.Kd6 Kg7 47.Ke7
Kg8 48.f6 Kh8 49.g6 Kg8 50.f7+ Kg7 51.f8Q+ Kxg6 52.Ke6 Kg5 53.Qf7
Kg4 54.Qf5+ Kg3 55.Ke5 Kg2 56.Qf4 Kg1 57.Qf3 Kh2 58.Kf4 Kg1 59.Kg3
a4 60.Qg2# 1-0

[Event "Washington Open Championship"]
[Site "Seattle, WA"]
[Date "2014.05.26"]
[Round "5"]
[White "Chen Minda  (WA)"]
[Black "Thakur Eamon  (WA)"]
[Result "1/2-1/2"]
[WhiteElo "689"]
[BlackElo "1053"]
[Annotator ""]
[Source ""]
[Remark "Booster"]

1.e4 c5 2.Nf3 Nc6 3.Bb5 g6 4.d3 Bg7 5.Nc3 Nf6 6.Be3 d6 7.h3 O-O
8.Bxc6 bxc6 9.O-O Ba6 10.Qd2 Rb8 11.Rab1 Qc7 12.Bh6 c4 13.Bxg7
Kxg7 14.Rfe1 cxd3 15.cxd3 Rfd8 16.d4 e5 17.dxe5 dxe5 18.Qg5 Re8
19.Nh4 Bc8 20.Rec1 h6 21.Qg3 Nh5 22.Qf3 Qd8 23.Nf5+ gxf5 24.Qxh5
Qg5 25.Qxg5+ hxg5 26.b3 fxe4 27.Nxe4 f6 28.Rxc6 Re6 29.Rc7+ Kg6
30.Rxa7 Ra6 31.Rxa6 Bxa6 32.Kh2 Bd3 33.Re1 Ra8 34.Re3 Bc2 35.Re2
Bxe4 36.Rxe4 Rxa2 37.f3 Rb2 38.b4 Kf5 39.Kg3 Rb3 40.Rg4 Ke6 41.h4
gxh4+ 42.Kxh4 Kf5 43.Re4 Kg6 44.f4 exf4 45.Rxf4 Rb2 46.Kh3 Rb3+
47.g3 Kg5 48.Rg4+ Kh5 49.Rf4 Kg5 50.Rd4 f5 51.Rf4 Rb2 52.Rc4 1/2-1/2

[Event "Washington Open Championship"]
[Site "Seattle, WA"]
[Date "2014.05.26"]
[Round "5"]
[White "Vaintroub Maximilian  (WA)"]
[Black "Larkin Morgan  (WA)"]
[Result "1-0"]
[WhiteElo "1801"]
[BlackElo "1528"]
[Annotator ""]
[Source ""]
[Remark "Open"]

1.e4 d6 2.d4 Nf6 3.Nc3 g6 4.Bd2 Bg7 5.Nge2 O-O 6.f3 e5 7.d5 c5
8.Bg5 Qc7 9.Ng3 a6 10.h4 h6 11.Be3 b5 12.Qd2 b4 13.Na4 h5 14.b3
Bd7 15.Nb2 Nxd5 16.exd5 e4 17.Nxe4 Bxb2 18.Rb1 Bg7 19.Bh6 Re8
20.Kd1 f5 21.Ng3 Qd8 22.Ne2 Bb5 23.Bxg7 Kxg7 24.Nf4 Bd7 25.g4
hxg4 26.fxg4 a5 27.h5 Rh8 28.h6+ Kh7 29.gxf5 gxf5 30.Ne6 Qf6
31.Qf4 Bxe6 32.dxe6 Rf8 33.Rh5 Ra7 34.Bd3 1-0

[Event "Washington Open Championship"]
[Site "Seattle, WA"]
[Date "2014.05.26"]
[Round "5"]
[White "Ahluwalia Anshul  (WA)"]
[Black "Guo Raymond  (WA)"]
[Result "1/2-1/2"]
[WhiteElo "941"]
[BlackElo "1219"]
[Annotator ""]
[Source ""]
[Remark "Booster"]

1.d4 d5 2.c4 e6 3.Nf3 Nf6 4.g3 Nbd7 5.Bg2 b6 6.O-O Bb7 7.Qc2
Be7 8.Bf4 O-O 9.Rd1 Ne4 10.cxd5 exd5 11.Ne5 Nxe5 12.Bxe5 Bd6
13.Nc3 Bxe5 14.dxe5 Nxc3 15.Qxc3 c5 16.Qb3 Ba6 17.Bxd5 Bxe2 18.Bxf7+
Rxf7 19.Rxd8+ Rxd8 20.Re1 Bh5 21.e6 Re7 22.f4 Bg4 23.Re5 g6 24.Kg2
Rde8 25.Qe3 Rxe6 26.h3 Rxe5 27.fxe5 Be6 28.b3 c4 29.bxc4 Bxc4
30.a4 Be6 31.Qd4 1/2-1/2

[Event "Washington Open Championship"]
[Site "Seattle, WA"]
[Date "2014.05.26"]
[Round "6"]
[White "Smith Claire  (WA)"]
[Black "Brambila Elijah  (WA)"]
[Result "1-0"]
[WhiteElo "451"]
[BlackElo "811"]
[Annotator ""]
[Source ""]
[Remark "Booster"]

1.d4 d5 2.Bf4 Nc6 3.e3 Nf6 4.Nf3 Bg4 5.c4 e6 6.Be2 Bb4+ 7.Nc3
O-O 8.O-O Bd6 9.Ne5 Bxe2 10.Qxe2 Bxe5 11.dxe5 Ne4 12.Qg4 Kh8
13.Nxe4 f5 14.Qg5 fxe4 15.Qxd8 Raxd8 16.c5 d4 17.exd4 Rxf4 18.Rab1
Rxd4 19.a3 a5 20.b4 axb4 21.a4 Rd5 22.h3 Rxe5 23.Rbd1 Rxc5 24.Rd7
b5 25.Rxc7 bxa4 26.Rc8+ Rf8 27.Rxf8# 1-0

[Event "Washington Open Championship"]
[Site "Seattle, WA"]
[Date "2014.05.26"]
[Round "6"]
[White "Verdiyan Artem  (WA)"]
[Black "Getz Nate  (WA)"]
[Result "1-0"]
[WhiteElo "1427"]
[BlackElo "1602"]
[Annotator ""]
[Source ""]
[Remark "Reserve"]

1.d4 Nf6 2.Nf3 d5 3.Bg5 Ne4 4.Bh4 c5 5.Nbd2 Nxd2 6.Qxd2 cxd4
7.Nxd4 g6 8.O-O-O Qb6 9.Qc3 Bh6+ 10.e3 O-O 11.Bxe7 Re8 12.Qc5
Qxc5 13.Bxc5 a6 14.Be2 Nd7 15.Bd6 Nf6 16.Bf3 Bg4 17.Bxg4 Nxg4
18.Bg3 Rac8 19.Kb1 Rc4 20.Nb3 Rec8 21.c3 Nf6 22.Na5 Ra4 23.Nxb7
Ne4 24.Nd6 Nxg3 25.hxg3 Rc6 26.Nxf7 Bg7 27.Nh6+ Kf8 28.Rxd5 Rb6
29.Rd3 Ra5 30.b4 Rc5 31.Kb2 Rxb4+ 32.Kc2 Ra4 33.Ng4 Rxg4 34.Rxh7
Kg8 35.Rh4 Rgc4 36.Rxc4 Rxc4 37.Kb3 Rc6 38.e4 Kf7 39.f4 Ke7 40.e5
g5 41.Rd5 g4 42.f5 Bh8 43.c4 Rb6+ 44.Kc3 Rb1 45.c5 Rg1 46.Kd4
Rxg2 47.f6+ Bxf6 48.exf6+ Kxf6 49.c6 Ke6 50.c7 Rd2+ 51.Kc3 Rxd5
52.c8Q+ Ke5 53.Qxg4 1-0

[Event "Washington Open Championship"]
[Site "Seattle, WA"]
[Date "2014.05.26"]
[Round "6"]
[White "Perez Ignacio  (WA)"]
[Black "Pupols Viktors  (WA)"]
[Result "1-0"]
[WhiteElo "2254"]
[BlackElo "2200"]
[Annotator ""]
[Source ""]
[Remark "Open"]

1.e4 e5 2.Nf3 Nc6 3.Bb5 a6 4.Ba4 Nf6 5.O-O Nxe4 6.Re1 Nc5 7.Bxc6
dxc6 8.d4 Ne6 9.Nxe5 Be7 10.Be3 O-O 11.Nc3 f6 12.Nd3 Rf7 13.Ne2
Bf8 14.c3 g6 15.Qb3 Ng7 16.Rad1 b6 17.Bh6 Be6 18.Qa4 Bd7 19.Qb3
Be6 20.Qc2 Bf5 21.Ng3 Qd7 22.Qa4 Bxd3 23.Rxd3 a5 24.Rde3 f5 25.Ne2
Re8 26.Nf4 Rxe3 27.Rxe3 Bd6 28.Nd3 Re7 29.Rxe7 Qxe7 30.Qxc6 Qe2
31.Qd5+ Kf8 32.Qf3 Qc2 33.g4 Kg8 34.Kg2 fxg4 35.Qd5+ Kf8 36.Ne5
Qf5 37.Qa8+ 1-0

[Event "Washington Open Championship"]
[Site "Seattle, WA"]
[Date "2014.05.26"]
[Round "6"]
[White "Wang Michael  (WA)"]
[Black "Chan James  (CAN)"]
[Result "1-0"]
[WhiteElo "2192"]
[BlackElo "2092"]
[Annotator ""]
[Source ""]
[Remark "Open"]

1.c4 Nf6 2.Nc3 g6 3.g3 d5 4.cxd5 Nxd5 5.Bg2 Nb6 6.Nf3 Bg7 7.O-O
O-O 8.d3 c6 9.Bg5 h6 10.Be3 Be6 11.Qc1 Kh7 12.Ne4 Na6 13.h4 Qd7
14.Rd1 Rad8 15.Bf4 f6 16.Nc5 Nxc5 17.Qxc5 Nd5 18.Bd2 b6 19.Qc2
c5 20.d4 Rc8 21.h5 Kg8 22.e4 Nb4 23.Bxb4 cxb4 24.Qd2 gxh5 25.Qxb4
Rc4 26.Qd2 Rfc8 27.d5 Bg4 28.Qe3 Rc2 29.Rd2 Bxf3 30.Bxf3 Rxd2
31.Qxd2 f5 32.Re1 fxe4 33.Rxe4 Qf5 34.Kg2 Rf8 35.Qd1 Be5 36.Rh4
Qf6 37.b3 Qd6 38.Rxh5 Bg7 39.Qe2 Rf6 40.Bg4 Kh8 41.Be6 Qc5 42.Rh4
b5 43.Qd2 Qd6 44.Qc2 Qb6 45.Bf5 Rf8 46.Be6 Rf6 47.b4 Qd6 48.Qc5
a6 49.Qe3 Qc7 50.Rh1 Qd6 51.Rc1 Rf8 52.Rh1 Rf6 53.a3 Qb8 54.Rc1
Rf8 55.Rc6 Qb7 56.Bg4 Kh7 57.Qe4+ Kh8 58.Qg6 Rf6 59.Rxf6 1-0

[Event "Washington Open Championship"]
[Site "Seattle, WA"]
[Date "2014.05.26"]
[Round "6"]
[White "Newstead Brumas  (WA)"]
[Black "Grassy Brock  (WA)"]
[Result "1-0"]
[WhiteElo "1632"]
[BlackElo "1484"]
[Annotator ""]
[Source ""]
[Remark "Reserve"]

1.e4 c5 2.c3 Nc6 3.d4 cxd4 4.cxd4 d6 5.Nf3 e6 6.Nc3 a6 7.Bd3
Nf6 8.O-O Be7 9.a3 O-O 10.Qc2 Kh8 11.e5 dxe5 12.dxe5 Nd5 13.Bxh7
Nxc3 14.bxc3 Qc7 15.Qe4 b5 16.Bg5 Bxg5 17.Nxg5 g6 18.Qh4 Kg7
19.Bxg6 Kxg6 20.Qh7+ Kxg5 21.f4+ Kg4 22.Qh3# 1-0

[Event "Washington Open Championship"]
[Site "Seattle, WA"]
[Date "2014.05.26"]
[Round "6"]
[White "Roberge David  (WA)"]
[Black "Jain Krish  (WA)"]
[Result "0-1"]
[WhiteElo "628"]
[BlackElo "946"]
[Annotator ""]
[Source ""]
[Remark "Booster"]

1.c4 d5 2.cxd5 Qxd5 3.Nc3 Qa5 4.Nf3 Nf6 5.g3 c6 6.Bg2 Bf5 7.O-O
Nbd7 8.d3 e5 9.Bg5 Be7 10.Bd2 Qc7 11.Re1 O-O-O 12.Be3 Kb8 13.Qa4
Nc5 14.Qd1 e4 15.Nd2 exd3 16.Bxc5 Bxc5 17.e3 Bb4 18.a3 Bxc3 19.bxc3
h5 20.h4 Qd7 21.Kh2 Ng4+ 22.Kg1 f6 23.e4 Be6 24.Bf3 g5 25.Bxg4
Bxg4 26.Qb3 gxh4 27.gxh4 Bh3 28.Re3 Qc7 29.Rg3 Qc8 30.Kh2 Be6
31.Rag1 0-1

[Event "Washington Open Championship"]
[Site "Seattle, WA"]
[Date "2014.05.26"]
[Round "6"]
[White "Van Veen Kerry  (WA)"]
[Black "Bashkansky Naomi (WA)"]
[Result "0-1"]
[WhiteElo "1692"]
[BlackElo "1683"]
[Annotator ""]
[Source ""]
[Remark "Premier"]

1.d4 d5 2.c4 dxc4 3.Nf3 Nf6 4.e3 e6 5.Bxc4 c5 6.Nc3 a6 7.a4 b6
8.O-O Bb7 9.Re1 Nbd7 10.e4 cxd4 11.Nxd4 Bc5 12.Bg5 Ne5 13.Qb3
Nxc4 14.Qxc4 Qxd4 15.Qxd4 Bxd4 16.e5 Bxc3 17.bxc3 Ne4 18.Be3
Nxc3 19.Bxb6 Rc8 20.Ba5 Nd5 21.Rab1 Bc6 22.Rec1 O-O 23.Rc2 Bxa4
24.Rcb2 Bb5 0-1

[Event "Washington Open Championship"]
[Site "Seattle, WA"]
[Date "2014.05.26"]
[Round "6"]
[White "Campbell Tim  (WA)"]
[Black "Kiiru Joseph  (WA)"]
[Result "0-1"]
[WhiteElo "1739"]
[BlackElo "1860"]
[Annotator ""]
[Source ""]
[Remark "Premier"]

1.e4 c6 2.d4 d5 3.exd5 cxd5 4.c4 Nf6 5.Nc3 Nc6 6.Nf3 Bg4 7.Be3
e6 8.Be2 Be7 9.cxd5 Nxd5 10.Nxd5 Qxd5 11.h3 Bh5 12.O-O O-O 13.Ne5
Bxe2 14.Nxc6 Qxc6 15.Qxe2 Rac8 16.d5 Qxd5 17.Bxa7 Bf6 18.Rfd1
Qf5 19.Bd4 Rc2 20.Rd2 Rxd2 21.Qxd2 Rd8 22.Rc1 e5 23.g4 Qe6 24.Qb4
exd4 25.Qxb7 d3 26.Rd1 Qe2 27.Qb3 Bd4 28.Kh1 Qf3+ 29.Kh2 Qxf2+
30.Kh1 Qf3+ 31.Kh2 Be5+ 32.Kg1 Qg3+ 33.Kf1 Qxh3+ 34.Ke1 Qe3+
35.Kf1 Qe2+ 36.Kg1 Qxg4+ 37.Kf2 Qg3+ 38.Kf1 Bd4 39.Rd2 Qg1# 0-1

[Event "Washington Open Championship"]
[Site "Seattle, WA"]
[Date "2014.05.26"]
[Round "6"]
[White "Esposito Jason  (NY)"]
[Black "Thakur Asher  (WA)"]
[Result "1-0"]
[WhiteElo "1259"]
[BlackElo "1150"]
[Annotator ""]
[Source ""]
[Remark "Booster"]

1.d4 d5 2.c4 e6 3.Nc3 Nf6 4.Bg5 Nbd7 5.e3 c6 6.Nf3 Qb6 7.Qc2
Be7 8.Bd3 O-O 9.O-O Qc7 10.Bxh7+ Nxh7 11.Bxe7 Re8 12.Bh4 dxc4
13.Ne4 b5 14.Bg3 Qd8 15.Rfd1 a6 16.Qc3 Ndf6 17.Qc2 Qd5 18.Nxf6+
Nxf6 19.Bh4 Ne4 20.Ne5 f6 21.Ng6 Kf7 22.f3 Kxg6 23.fxe4 Qh5 24.Bg3
Ra7 25.Rf1 Rd7 26.e5+ f5 27.Rf3 Red8 28.Bf4 Bb7 29.Rh3 c5 30.Rxh5
Kxh5 31.Qf2 cxd4 32.Qg3 1-0

[Event "Washington Open Championship"]
[Site "Seattle, WA"]
[Date "2014.05.26"]
[Round "6"]
[White "Soetedjo James  (WA)"]
[Black "Levin Scott  (OR)"]
[Result "1/2-1/2"]
[WhiteElo "1811"]
[BlackElo "1859"]
[Annotator ""]
[Source ""]
[Remark "Open"]

1.d4 Nf6 2.Nf3 g6 3.e3 Bg7 4.Bd3 O-O 5.Nbd2 b6 6.O-O Bb7 7.Qe2
d6 8.c3 Nbd7 9.e4 e5 10.d5 Nh5 11.Nb3 h6 12.Ne1 a5 13.a4 Nf4
14.Bxf4 exf4 15.Bb5 Ne5 16.f3 g5 17.Nd3 Kh8 18.Nd4 Bc8 19.Nxe5
Bxe5 20.Nc6 Qf6 21.Nxe5 Qxe5 22.Qc4 Qe7 23.Qc6 Rb8 24.Rae1 f6
25.Qc4 Qg7 26.Ba6 1/2-1/2

[Event "Washington Open Championship"]
[Site "Seattle, WA"]
[Date "2014.05.26"]
[Round "6"]
[White "Haining Breck  (WA)"]
[Black "Chen Minda  (WA)"]
[Result "0-1"]
[WhiteElo "1350"]
[BlackElo "689"]
[Annotator ""]
[Source ""]
[Remark "Booster"]

1.e4 e5 2.Nf3 Nc6 3.Nc3 Nf6 4.d4 exd4 5.Nxd4 d6 6.Nxc6 bxc6 7.Bg5
Be7 8.Be2 h6 9.Be3 O-O 10.O-O c5 11.Bf3 Bb7 12.e5 Bxf3 13.Qxf3
dxe5 14.Rad1 Qb8 15.b3 Re8 16.Na4 Qb5 17.c4 Qa5 18.Qg3 Kh7 19.Qxe5
Bd6 20.Qf5+ Kh8 21.Bxh6 Re5 22.Qf3 Rh5 23.Bf4 Bxf4 24.Qxf4 Re8
25.h3 Re2 26.Rd8+ Kh7 27.Qf3 Rxa2 28.Qd3+ g6 29.Rf8 Kg7 30.Rb8
Ra3 31.Rb5 Qxa4 32.Qxg6+ fxg6 33.bxa4 Rxa4 34.Rb7 Ne8 35.Re1
Kf7 36.Reb1 Rh8 37.Kh2 Rxc4 38.Ra1 Rf8 39.Raxa7 Ke7 40.Ra2 Rcf4
41.Rbb2 c4 42.Rc2 Kd6 43.f3 Kd5 44.Kg1 Nd6 45.Ra5+ Kd4 46.Rg5
R8f6 47.Rg4 Rxg4 48.hxg4 Kd3 49.Ra2 c3 50.Ra3 Kd2 51.Ra4 c2 52.Kf2
c1Q 53.Rd4+ Kc3 0-1

[Event "Washington Open Championship"]
[Site "Seattle, WA"]
[Date "2014.05.26"]
[Round "6"]
[White "Deshpande Aaryan  (WA)"]
[Black "Airapetian Chouchanik (WA)"]
[Result "0-1"]
[WhiteElo "1846"]
[BlackElo "2044"]
[Annotator ""]
[Source ""]
[Remark "Open"]

1.e4 e5 2.Nf3 d6 3.Nc3 Nd7 4.Bc4 Be7 5.d3 Ngf6 6.Bd2 O-O 7.O-O
c6 8.Bb3 Nc5 9.h3 Nxb3 10.axb3 h6 11.Re1 Qc7 12.d4 Be6 13.Qe2
Rfd8 14.Red1 a6 15.dxe5 dxe5 16.Be3 Nd7 17.Rd2 b5 18.Rad1 Bb4
19.Ne1 a5 20.Nd3 Bf8 21.f4 exf4 22.Nxf4 Nc5 23.Qh5 Rxd2 24.Rxd2
g6 25.Qf3 Re8 26.Bd4 Nd7 27.Rf2 Ne5 28.Bxe5 Qxe5 29.Nd3 Qc7 30.Nf4
Bc5 31.Kf1 Bxf2 32.Qxf2 b4 33.Nb1 Qe5 34.Nd2 Qxb2 35.Qc5 Qf6
36.Qf2 Rd8 37.Ke2 Qc3 38.Nd3 Qxc2 39.Qe3 Bxb3 40.Qg3 Bc4 41.Ke1
Bxd3 42.Qh4 Qc1+ 43.Kf2 Qxd2+ 44.Kg1 Qd1+ 45.Kh2 Bf1 0-1

[Event "Washington Open Championship"]
[Site "Seattle, WA"]
[Date "2014.05.26"]
[Round "6"]
[White "Yeo Joey  (WA)"]
[Black "Cross Jason  (WA)"]
[Result "1-0"]
[WhiteElo "1385"]
[BlackElo "1589"]
[Annotator ""]
[Source ""]
[Remark "Reserve"]

1.d4 Nf6 2.c4 c5 3.Bg5 cxd4 4.Qxd4 Nc6 5.Qd1 e6 6.a3 Qa5+ 7.Bd2
Qh5 8.Nf3 Ne4 9.Nc3 Nxd2 10.Qxd2 a6 11.e3 Bc5 12.Ne4 Ba7 13.Nd6+
Ke7 14.Rd1 Bb8 15.Nxc8+ Kf6 16.Nd6 Bxd6 17.Qxd6 Rhd8 18.Be2 Qa5+
19.Nd2 Qe5 20.Qxe5+ Nxe5 21.Ne4+ Ke7 22.Nd6 b6 23.O-O f6 24.b4
a5 25.f4 Nf7 26.c5 bxc5 27.bxc5 Ra7 28.f5 Rc7 29.Nxf7 Kxf7 30.fxe6+
Kxe6 31.Bc4+ Ke7 32.Rf5 d6 33.Rfd5 Rxc5 34.Rxc5 dxc5 35.Rxd8
Kxd8 36.Kf2 Ke7 37.Kf3 Kd6 38.Kf4 Ke7 39.a4 Kd6 40.e4 Ke7 41.e5
g5+ 42.Kf5 fxe5 43.Kxe5 h5 44.Kd5 Kf6 45.Kxc5 h4 46.h3 Ke5 47.Kb5
Kd4 48.Be6 1-0

[Event "Washington Open Championship"]
[Site "Seattle, WA"]
[Date "2014.05.26"]
[Round "6"]
[White "Hitchcock Brandon  (WA)"]
[Black "Barua Aniruddha  (WA)"]
[Result "0-1"]
[WhiteElo "943"]
[BlackElo "887"]
[Annotator ""]
[Source ""]
[Remark "Booster"]

1.d4 d5 2.Nf3 Bf5 3.e3 e6 4.Bd3 Bxd3 5.Qxd3 Nf6 6.Nbd2 Be7 7.O-O
O-O 8.b3 c5 9.c4 Nc6 10.Bb2 Nb4 11.Qc3 cxd4 12.exd4 Rc8 13.Ba3
Qa5 14.Bb2 Nc6 15.Qxa5 Nxa5 16.Rfc1 Rfd8 17.c5 Nc6 18.a3 a5 19.Bc3
Ne4 20.b4 Nxc3 21.Rxc3 axb4 22.axb4 Nxb4 23.Rb1 Nc6 24.Rxb7 Bf6
25.Nb3 Rb8 26.Rxb8 Rxb8 27.Kf1 Kf8 28.Ke2 Ke7 29.Ke3 Rb4 30.h4
Kd7 31.g4 h6 32.g5 hxg5 33.hxg5 Be7 34.Kf4 g6 35.Ke3 Bd8 36.Kd3
Ra4 37.Nbd2 Nb4+ 38.Ke3 Nc6 39.Rb3 Kc7 40.Nb1 Na5 41.Rb6 Nc4+ 0-1

[Event "Washington Open Championship"]
[Site "Seattle, WA"]
[Date "2014.05.26"]
[Round "6"]
[White "Peng Brandon  (WA)"]
[Black "Michailov George  (WA)"]
[Result "0-1"]
[WhiteElo "1116"]
[BlackElo "1058"]
[Annotator ""]
[Source ""]
[Remark "Booster"]

1.d4 d5 2.c4 c6 3.Nc3 Nf6 4.Nf3 e6 5.e3 Nbd7 6.Bd3 dxc4 7.Bxc4
Bd6 8.e4 Be7 9.O-O O-O 10.Bf4 Nb6 11.Bb3 c5 12.dxc5 Bxc5 13.Bg5
Be7 14.h3 Bd7 15.Bc2 h6 16.Bh4 Bc6 17.Qd3 Qxd3 18.Bxd3 Rfe8 19.Rad1
Rad8 20.Bb5 Bxb5 21.Nxb5 a6 22.Nc3 g5 23.Bg3 Rc8 24.Rd3 Bb4 25.Rc1
Bxc3 26.Rdxc3 Rxc3 27.bxc3 Nxe4 28.Rb1 Nd5 29.c4 Nxg3 30.fxg3
Ne3 31.Rxb7 Nxc4 32.Ra7 a5 33.Nd4 Rd8 34.Nc6 Rd1+ 35.Kh2 Rd2
36.a3 Ra2 37.Nxa5 Rxa3 38.Nc6 Rxa7 39.Nxa7 Kg7 40.Kg1 Kf6 41.Kf2
Ke5 42.Nc6+ Kf5 43.Kf3 Ne5+ 44.Ke3 Nxc6 45.g4+ Ke5 46.g3 f5 47.Kf3
Nd4+ 48.Ke3 f4+ 49.Kf2 fxg3+ 50.Kxg3 Ke4 51.Kg2 Ke3 52.Kg3 Ne2+
53.Kg2 Nf4+ 54.Kg3 Nxh3 55.Kxh3 Kf3 56.Kh2 Kxg4 57.Kg2 e5 58.Kf2
h5 59.Kg2 e4 60.Kf2 Kf4 61.Kf1 Kf3 0-1